00525nam a22002057a 450000500170000001000110001702000070002803500110003503700160004604000120006208200150007424500670008924600060015626000440016227000150020630000240022165000310024565000220027670000210029820170124105921.0 a965867 c00 a965867 bCen Lib/Ret aDPLbEN a362.7bCHI aChild in india /cedited by Sharad D. Gokhle, Neera K. Sohoni  b  bSomaiya Publications c1979aNew Delhi  bNew Delhi  axx, 320p.c21cm(Hb) aChild Development zIndia  aLegal Provisions  aSohoni, Neera K.